Normal view
MARC view
- Galván Lafarga, Luz Elena
Entry Nombre Personal
001 - NUMERO DE CONTROL
- campo de control: 37756
003 - IDENTIFICADOR DE NUMERO DE CONTROL
- campo de control: UPN
005 - FECHA Y HORA DE LA ÜLTIMA TRANSACCIÓN
- campo de control: 20210219194528.0
008 - DATOS DE LONGITUD FIJA
- campo de control de longitud fija: nabaccnnaabn|||||||||| b |nc|||||d
035 ## - NUMERO DE CONTROL
- Número de control: UPN11000009863
040 ## - FUENTE DE CATALOGACIÓN
- Lenguaje de catalogación: SPA
- Agencia de transcripción: UPN
100 1# - ENCABEZAMIENTO - NOMBRE PERSONAL
- Nombre personal: Galván Lafarga, Luz Elena
400 1# - VEÁSE - NOMBRE DE PERSONA
- Personal name: Galván, Luz Elena
670 ## - FUENTE EN LA QUE SE LOCALIZARON DATOS
- Cita de la fuente: T
- Información localizada: Soledad compartida
680 ## - NOTA PUBLICA DE ACCESO PÚBLICO
- Frase explicativa de la referencia: Investigadora del CIESAS. Doctora en Historia por la Universidad Iberoamericana
902 ## - CATALOGADOR
- Catalogador: MCM/280915
